Library Catalog

Life's too short to pretend you're not religious / (Record no. 492947)

MARC details
000 -LEADER
fixed length control field 00931nam a22002177a 4500
003 - CONTROL NUMBER IDENTIFIER
control field OSt
005 - DATE AND TIME OF LATEST TRANSACTION
control field 20260602115349.0
008 - FIXED-LENGTH DATA ELEMENTS--GENERAL INFORMATION
fixed length control field 260602b |||||||| |||| 00| 0 eng d
020 ## - INTERNATIONAL STANDARD BOOK NUMBER
International Standard Book Number 9780830843947
040 ## - CATALOGING SOURCE
Original cataloging agency Kenya National Library Service
082 ## - DEWEY DECIMAL CLASSIFICATION NUMBER
Classification number 230 DAR
100 ## - MAIN ENTRY--PERSONAL NAME
Personal name Dark, David
Relator term author
245 ## - TITLE STATEMENT
Title Life's too short to pretend you're not religious /
Statement of responsibility, etc. David Dark.
300 ## - PHYSICAL DESCRIPTION
Extent 199 pages ;
Dimensions 21 cm.
520 ## - SUMMARY, ETC.
Summary, etc. David Dark, one of today's most respected thinkers and cultural critics at the intersection of faith and culture, returns to his classic text to bring us a revised, expanded, and reframed edition. With the same keen observation and candor, he reveals that religion is witness to everything we're up to, for better or worse.
650 ## - SUBJECT ADDED ENTRY--TOPICAL TERM
Topical term or geographic name entry element Religion.
650 ## - SUBJECT ADDED ENTRY--TOPICAL TERM
Topical term or geographic name entry element Christianity.
942 ## - ADDED ENTRY ELEMENTS (KOHA)
Source of classification or shelving scheme Dewey Decimal Classification
Koha item type Books
Suppress in OPAC No
Holdings
Withdrawn status Source of classification or shelving scheme Damaged status Not for loan Home library Current library Date acquired Source of acquisition Cost, normal purchase price Total checkouts Full call number Barcode Date last seen Price effective from Koha item type
  Dewey Decimal Classification     Buru Buru Library Acquisition, Cataloguing, Classification and Distribution Development 06/02/2026 BAI 1275.00   230 DAR B231104 06/02/2026 06/02/2026 Books

© 2025, Kenya National Library Service | Designed & Maintained by Uvumbuzi Center